| 000 | 00680nam a2200265Ia 4500 | ||
|---|---|---|---|
| 005 | 20250425162543.0 | ||
| 008 | 250425s9999 xx 000 0 und d | ||
| 020 | _a9789942991010 | ||
| 041 | _aspa | ||
| 082 | _a419 | ||
| 110 | _aFEDERACION NACIONAL DE PERSONAS SORDAS DEL ECUADOR-FENASEC | ||
| 245 | 0 | _aDICCIONARIO OFICIAL DE LENGUA DE SEÑAS ECUATORIANA (TOMO I) | |
| 250 | _a1A ED. | ||
| 260 |
_aEcuador _bFENASEC _c2012 |
||
| 260 | _aQUITO | ||
| 300 | _a678 | ||
| 650 | _aCOMUNICACION | ||
| 650 | _aCOMUNICACION | ||
| 650 | _aLENGUAJE DE SEÑAS | ||
| 650 | _aLENGUAJE DE SEÑAS | ||
| 650 | _aSORDOS | ||
| 650 | _aSORDOS | ||
| 942 | _c01 | ||
| 010 | _a85166 | ||
| 999 |
_c231596 _d231596 |
||